Online
Catalog

Micoeconomic theory and appications / (Record no. 25351)

MARC details
000 -CABECERA
campo de control de longitud fija 00582nam a2200193 a 4500
001 - NÚMERO DE CONTROL
campo de control 000025859
005 - FECHA Y HORA DE LA ÚLTIMA TRANSACCIÓN
campo de control 20200930024115.0
008 - DATOS DE LONGITUD FIJA--INFORMACIÓN GENERAL
campo de control de longitud fija 110223s1983 xxu r 000 0 eng d
020 ## - NÚMERO INTERNACIONAL ESTÁNDAR DEL LIBRO
Número Internacional Estándar del Libro 0316112232
040 ## - FUENTE DE LA CATALOGACIÓN
Centro catalogador/agencia de origen DO-SdBNP
Lengua de catalogación eng
Centro/agencia transcriptor BNPHU
082 ## - NÚMERO DE LA CLASIFICACIÓN DECIMAL DEWEY
Número de clasificación nn*
Número de documento/Ítem nn*
049 ## - FONDOS LOCALES (OCLC)
Fondos de biblioteca BNGR
100 1# - ENTRADA PRINCIPAL--NOMBRE DE PERSONA
Nombre de persona Brownin, Edgar K.
9 (RLIN) 52699
245 10 - MENCIÓN DE TÍTULO
Título Micoeconomic theory and appications /
Mención de responsabilidad, etc. Edgar K. Browning y Jacquelene M. Browning.
260 ## - PUBLICACIÓN, DISTRIBUCIÓN, ETC.
Lugar de publicación, distribución, etc. Boston :
Nombre del editor, distribuidor, etc. Little, Brown and Company,
Fecha de publicación, distribución, etc. 1983.
300 ## - DESCRIPCIÓN FÍSICA
Extensión 583 p. ;
Dimensiones 24 cm.
500 ## - NOTA GENERAL
Nota general Incluye índice.
700 1# - PUNTO DE ACCESO ADICIONAL--NOMBRE DE PERSONA
Nombre de persona Browning, Jacquelene M.
9 (RLIN) 52700
Holdings
Estado de retiro Estado de pérdida Restricciones de uso No para préstamo Código de colección Localización permanente Ubicación/localización actual Ubicación en estantería Fecha de adquisición Número de inventario Total de préstamos Signatura topográfica completa Código de barras Fecha visto por última vez Precio válido a partir de Tipo de ítem Koha
        Monografías: Libros y Folletos General General En catalogación 23.02.2011 LF1   nn* nn* 25859-10 25.06.2020 25.06.2020 Préstamo en sala

Powered by Koha